Top 300 Boy Names (2018) Quiz Stats

 Plays Quiz not verified by Sporcle

Score 0/300 Timer 20:00
3 Plays Today
Rank Name % Correct
3William
94.8%
4James
94.1%
153Alex
93.5%
27John
92.7%
14Michael
92.3%
89Jose
92.3%
11Alexander
91.8%
274Andre
91.2%
22David
90.6%
49Thomas
90.4%
42Christopher
89.7%
6Benjamin
89.5%
28Jack
89.3%
43Andrew
89.3%
5Oliver
89.1%
1Liam
88.9%
20Matthew
88.9%
23Joseph
88.5%
15Daniel
88.3%
71Robert
88.1%
2Noah
87.7%
74Nicholas
87.7%
192Nicolas
87.7%
109Zachary
87.2%
58Eli
86.8%
8Lucas
86.6%
48Nathan
86.6%
233Lukas
86.6%
106Luca
86.4%
17Jackson
86%
39Jaxon
86%
52Charles
86%
76Jaxson
86%
46Ryan
85.8%
21Samuel
85.6%
211Peter
85.4%
16Henry
84.5%
38Anthony
84.5%
127George
84.5%
13Jacob
84.3%
19Aiden
84.3%
29Luke
84.3%
100Jason
84.3%
104Ayden
84.3%
107Vincent
84.3%
242Aidan
84.3%
12Ethan
83.9%
63Jonathan
83.9%
124Brandon
83.9%
232Brian
83.9%
235Brian
83.9%
30Jayden
83.1%
55Christian
83.1%
246Jaden
83.1%
210Mark
82.8%
86Evan
82.6%
7Elijah
82.4%
34Isaac
82.4%
223Kyle
82%
41Joshua
81.4%
78Adam
81.4%
177Victor
81.4%
198Steven
81.4%
284Stephen
81.4%
97Kayden
81%
119Tyler
81%
138Kaiden
81%
220Kaden
81%
237Caden
81%
251Cayden
81%
169Edward
79.9%
188Richard
79.9%
9Mason
79.5%
141Justin
79.3%
116Nathaniel
79.1%
234Paul
79.1%
218Charlie
78.9%
269Sean
78.9%
125Kevin
78.7%
10Logan
78.5%
165Timothy
78%
25Owen
77.2%
79Ian
76.8%
31Dylan
76.6%
36Julian
76.4%
60Aaron
76.2%
88Xavier
76.2%
189Patrick
75.9%
50Leo
75.5%
24Carter
75.3%
115Harrison
75.3%
176Karter
75.3%
57Connor
74.9%
160Eric
74.5%
280Erick
74.5%
51Isaiah
74.1%
82Jordan
73.8%
136Max
73.8%
262Jake
73.2%
69Cameron
73%
Rank Name % Correct
238Leon
73%
298Kameron
73%
209Marcus
72.4%
80Austin
72%
84Brayden
71.3%
145Jonah
71.1%
96Parker
70.9%
204Jeremy
70.1%
118Cole
69.5%
243Theo
69.5%
56Hunter
69%
171Xander
69%
180Hayden
69%
259Zander
69%
263Louis
68.8%
44Theodore
68.6%
45Caleb
68.2%
65Jeremiah
68.2%
207Kaleb
68.2%
26Wyatt
68%
35Gabriel
68%
139Juan
68%
214Jax
67.6%
18Sebastian
66.7%
247Bradley
66.7%
98Miles
66.5%
163Antonio
66.5%
195Myles
66.5%
206Oscar
66.5%
32Grayson
66.3%
77Greyson
66.3%
133Ivan
65.9%
70Carson
65.5%
172Alan
65.5%
265Karson
65.5%
137Carlos
65.3%
158Blake
65.3%
61Landon
64.9%
92Leonardo
64.9%
226Kenneth
64.4%
230Arthur
64%
112Chase
63.6%
135Maxwell
63.6%
162Elliot
63.4%
168Elliott
63.4%
236Colt
63.2%
128Ashton
62.8%
105Wesley
62.6%
47Asher
62.1%
166Finn
62.1%
68Colton
61.9%
249Colin
61.9%
53Josiah
61.3%
108Damian
61.3%
200Zane
61.3%
264Damien
61.3%
37Mateo
61.1%
148Jesus
61.1%
196Matteo
61.1%
272Martin
61.1%
175Bryce
60.9%
64Nolan
60%
114Emmett
59.6%
205Preston
59.6%
62Adrian
59%
164Abraham
59%
182Grant
58.8%
250Riley
58.8%
111Gavin
58.6%
208Alejandro
58.4%
260Brady
58.2%
83Cooper
57.9%
102Weston
57.7%
33Levi
57.5%
59Ezra
57.5%
113Kai
57.5%
120Bennett
57.5%
257Derek
57.5%
90Jace
57.1%
147Jayce
57.1%
283Cody
57.1%
40Lincoln
56.9%
67Elias
56.9%
123Tristan
56.9%
187Joel
56.9%
254Simon
56.7%
75Dominic
56.3%
156Brody
56.1%
173Dean
55.9%
103Micah
54.8%
185Jesse
54.8%
179Miguel
54.4%
66Easton
54%
95Everett
53.8%
126Luis
53.8%
299Raymond
53.8%
157Jude
53.3%
72Angel
53.1%
91Jameson
52.3%
178Milo
52.3%
Rank Name % Correct
289Manuel
51.7%
143Calvin
51.5%
152Camden
51.3%
261Jorge
51%
110Silas
50.8%
244Javier
50.8%
134Diego
50.6%
191Avery
50.2%
273Finley
49.2%
93Bryson
49%
131Ryder
48.7%
150King
48.1%
129Rowan
47.7%
94Axel
47.5%
271Walter
47.5%
285Francisco
47.5%
85Roman
47.3%
99Sawyer
47.1%
146Abel
47.1%
253Clayton
47.1%
270Chance
47.1%
87Ezekiel
46.7%
101Declan
46.4%
197River
46%
54Hudson
45.8%
231Felix
45.2%
181Graham
44.8%
121Bentley
44.1%
154Jasper
44.1%
130Braxton
42.9%
277Corbin
42.9%
215Andres
42.7%
159Emmanuel
42.5%
140Maddox
42.3%
170August
42.3%
117Kingston
42.1%
216Holden
41.8%
155Malachi
41.4%
276Cash
40.8%
202Judah
40.6%
240Omar
40%
122Ryker
39.7%
144Giovanni
39.7%
297Anderson
39.7%
221Paxton
39.5%
241Israel
38.9%
212Maximus
38.7%
292Rylan
38.7%
184Tucker
38.1%
151Beau
37.9%
186Zayden
37.4%
239Archer
37.2%
183Zion
36.2%
73Maverick
36%
81Santiago
36%
281Emerson
36%
287Dallas
35.4%
227Beckett
33.9%
174Lorenzo
33.5%
248Emilio
33.3%
161Brooks
33.1%
267Maximiliano
31.6%
282Gunner
31.2%
224Griffin
30.8%
252Phoenix
30.5%
258Rafael
30.1%
194Dawson
29.1%
288Reid
29.1%
290Lane
28.9%
149Amir
28%
275Tobias
28%
193Brantley
27.8%
225Josue
27.8%
142Waylon
26.8%
255Ace
26.8%
190Emiliano
25.5%
219Knox
25.1%
213Barrett
24.7%
266Walker
24.7%
278Arlo
24.7%
245Remington
24.3%
294Ronan
24.3%
132Gael
24.1%
228Enzo
23.8%
167Rhett
23.6%
256Nash
22.2%
286Killian
22.2%
279Iker
21.8%
293Jensen
20.7%
203Messiah
20.3%
296Daxton
18.8%
295Beckham
18%
201Matias
17.8%
222Kyrie
17.8%
268Amari
17.6%
300Orion
16.9%
199Thiago
16.7%
229Adriel
16.3%
217Legend
13%
291Atlas
11.9%

You're not logged in!

Compare scores with friends on all Sporcle quizzes.
OR
Log In

Show Comments

Extras

Top Quizzes Today


Score Distribution

Your Account Isn't Verified!

In order to create a playlist on Sporcle, you need to verify the email address you used during registration. Go to your Sporcle Settings to finish the process.

Report this User

Report this user for behavior that violates our Community Guidelines.

Details: